00253nam a2200109Ia 4500008004100000082001300041100001500054245002800069260003000097300000800127650000800135191201s2010 xx 000 0 und d a155bBHP aBHATIA, RC 0aPersonality Development aN. DelhibAne Booksc2010 a251 aBBA